000
00315nam a2200121Ia 4500
008
240624s9999 xx 000 0 und d
041
_a
eng
082
_a
658.4013 MOD
100
_a
MODY SURESH M
245
_a
BENCHMARKING AND PROCESS IMPROVEMENT
260
_a
Mumbai
_b
D. L. Shah Trust
300
_a
120 : p. : cm. ; 24
999
_c
9319
_d
9319